| 000 | 00968nam a22002295i 4500 | ||
|---|---|---|---|
| 001 | 164709 | ||
| 003 | ES-MaACL | ||
| 005 | 20250930063145.0 | ||
| 008 | 150924s1946 sp a |||| |dspa d | ||
| 100 | 1 |
_aVálgoma y Díaz-Varela, Dalmiro de la, _d1904-1990 _9112691 |
|
| 245 | 1 | 3 |
_aLa nobleza de León en la Orden de Carlos III / _cpor Dalmiro de la Válgoma y Díaz-Varela ; prólogo del marqués del Saltillo. |
| 260 |
_aMadrid : _bConsejo Superior de Investigaciones Científicas, Instituto Jerónimo Zurita, _c1946. |
||
| 300 |
_aXXIX, 368 p. ; _c24 cm. |
||
| 490 | 1 |
_aGenealogía y heráldica ; _v4 |
|
| 610 | 2 | 4 |
_aOrden de Carlos III. _9157629 |
| 650 | 4 |
_aNobleza- _zLeón. _9157628 |
|
| 700 | 1 |
_aSaltillo, Miguel Lasso de la Vega y López de Tejada, _cMarqués del, _d1893-1957 _9188502 |
|
| 710 | 2 |
_aInstituto Jerónimo Zurita _95106 |
|
| 830 | 1 |
_aGenealogía y heráldica ; _v4 _9187955 |
|
| 852 |
_aES-MaACL _jB-13911 |
||
| 999 |
_c164709 _d164709 |
||